000 00655nam a2200241Ia 4500
003 OSt
005 20220925220513.0
006 a|||||r|||| 00| 0
007 ta
008 220923b |||||||| |||| 00| 0 eng d
037 _cGeneral Book
040 _aRTL
_cRTL
_beng
041 _2eng
_aeng
082 _aXxM99:g, M5
100 _aSawyer Malcolm C.
_9231656
245 0 _aEconomics of Michal Kalecki
260 _aLondon
_bMacmillan
_c1985
300 _ax,319p
_ccm.
490 _aRadical Economics
500 _aBibliography: P 304-15
942 _hXxM99:g, M5
_cGB
_2CC
999 _c571666
_d571666